[Event "Moscow-ch"]
[Site "Moscow"]
[Date "1996.??.??"]
[Round "5"]
[White "Ushakova, Natalia"]
[Black "Ivliev, Oleg"]
[Result "0-1"]
[WhiteElo "2090"]
[BlackElo "2275"]
[PlyCount "60"]
[EventDate "1996.08.??"]
[EventType "swiss"]
[EventRounds "11"]
[EventCountry "RUS"]
[SourceTitle "CBM 055 Extra"]
[Source "ChessBase"]
[SourceDate "1997.01.01"]
[SourceVersion "1"]
[SourceVersionDate "1997.01.01"]
[SourceQuality "1"]

1. d4 c5 2. d5 e5 3. e4 d6 4. c4 Be7 5. Nc3 a6 6. Be3 Bg5 7. Qd2 Bxe3 8. Qxe3 Nf6 9. h3 0-0 10. Nf3 Nh5 11. g3 Bd7 12. Bg2 b5 13. b3 b4 14. Ne2 Qf6 15. 0-0 a5 16. Kh2 Na6 17. Nh4 a4 18. Bf3 Nf4 19. gxf4 Qxh4 20. f5 Nc7 21. Rg1 axb3 22. Qxb3 Ra3 23. Qd1 Rxf3 24. Ng3 Rxf2+ 25. Rg2 Rxg2+ 26. Kxg2 g6 27. Kh2 gxf5 28. exf5 Bxf5 29. Qf1 Bg6 30. Qg2 f5 0-1

[Event "Groningen op"]
[Site "Groningen"]
[Date "1995.??.??"]
[Round "?"]
[White "Skripchenko, Almira"]
[Black "Ivliev, Oleg"]
[Result "1-0"]
[WhiteElo "2400"]
[BlackElo "2285"]
[PlyCount "83"]
[EventDate "1995.12.??"]
[EventType "swiss"]
[EventRounds "11"]
[EventCountry "NED"]
[SourceTitle "CBM 050 Extra"]
[Source "ChessBase"]
[SourceDate "1996.03.01"]
[SourceVersion "1"]
[SourceVersionDate "1996.03.01"]
[SourceQuality "1"]

1. e4 c5 2. Nf3 Nc6 3. Bb5 g6 4. Bxc6 dxc6 5. d3 Bg7 6. Nc3 e5 7. Be3 b6 8. h3 Qc7 9. a4 Nf6 10. Qd2 0-0 11. g4 Rd8 12. b3 Ba6 13. Qe2 Qe7 14. Nd2 Nd7 15. h4 Nf8 16. Qf3 Ne6 17. Ne2 Rd7 18. h5 Rad8 19. Qg2 Bf6 20. Nf3 Nf4 21. Bxf4 exf4 22. Rb1 Bxd3 23. cxd3 Rxd3 24. e5 Bxe5 25. 0-0 gxh5 26. gxh5+ Kh8 27. Qh3 Qf6 28. Kg2 Bd4 29. Rfd1 Rxd1 30. Rxd1 Qd6 31. Nexd4 cxd4 32. Rxd4 Rg8+ 33. Kh2 Qf6 34. Re4 h6 35. Re5 Qg7 36. Rf5 Qb2 37. Qh4 Qxb3 38. Qxf4 Kh7 39. Rxf7+ Rg7 40. Qf5+ Kh8 41. Rf8+ Rg8 42. Qf6+ 1-0